000 01243nam a2200289 a 4500
001 21107
003 BD-RjUL
005 20240325100525.0
008 140303s1972 ilua b 001 0 eng d
035 _a(BD-RjUL)21107
040 _aDLC
_cDLC
_dDLC
_dBD-RjUL
_beng
041 1 _aengfre
082 0 0 _223
_a823.912
_bDED 1972
100 1 _aDelavenay, Émile.
_919452
245 1 0 _aD. H. Lawrence :
_bthe man and his work; the formative years: 1885-1919 /
_cTranslated from the French by Katharine M. Delavenay.
260 _aLondon ;
_aCarbondale :
_bHeinemann ;
_bSouthern Illinois University Press,
_c1972
300 _axvi, 592 p. :
_billus. ;
_c25 cm.
350 _a$25.00
500 _aTranslation of D. H. Lawrence, l'homme et la genèse de son œuvre, les années de formation, 1885-1919.
504 _aBibliography: p. [571]-578. and Index
600 1 0 _aLawrence, D. H.
_q(David Herbert),
_d1885-1930.
_911578
650 0 _aAuthors, English
_y20th century
_xBiography.
_956683
856 4 2 _3Contributor biographical information
_uhttp://www.loc.gov/catdir/enhancements/fy0801/70190586-b.html
856 4 2 _3Publisher description
_uhttp://www.loc.gov/catdir/enhancements/fy0801/70190586-d.html
942 _2ddc
_cBK
999 _c21107
_d21107